000 00615nam a2200241Ia 4500
003 OSt
005 20220924150158.0
006 a|||||r|||| 00| 0
007 ta
008 220923b |||||||| |||| 00| 0 tel d
020 _c100
024 _a332153
037 _cTextual
040 _aARTS
_cARTS
_btel
041 _2tel
_atel
082 _aO35,1:g(Q23), N2
100 _aMohini V.Ratna
_9221446
245 0 _aTelugu sahityamu saivamata prabhavamu
260 _c1992
650 _aTELUGU POETRY
942 _hO35,1:g(Q23), N2
_cTEXL
_2CC
999 _c462470
_d462470